|
|
|
|
| LEADER |
00000cam a2200000 7i4500 |
| 001 |
0000020105 |
| 005 |
20161101093000.0 |
| 008 |
021119s1992 |
| 020 |
|
|
|a 0201565293
|
| 090 |
0 |
0 |
|a QA76.758
|b .S657 1992
|
| 100 |
0 |
|
|a Sommerville, Ian ,
|d 1951- ,
|e author
|
| 245 |
1 |
0 |
|a Software engineering
|c Ian Sommerville
|
| 250 |
|
|
|a 4th ed
|
| 260 |
2 |
|
|a Wokingham, England :
|b Addison-Wesley ,
|c 1992
|
| 300 |
|
|
|a xvi, 649 p. ;
|c 25 cm.
|
| 504 |
|
|
|a Includes bibliographical references and index
|
| 650 |
|
0 |
|a Software engineering
|
| 999 |
|
|
|a 1000013990
|b Book
|c OPEN SHELF (30 DAYS)
|e Tembila Campus
|
| 999 |
|
|
|a 1000030922
|b Book
|c OPEN SHELF (30 DAYS)
|e Tembila Campus
|